|
|
|
|
| LEADER |
01493nam a2200397 a 4500 |
| 001 |
000421063 |
| 003 |
CZ BrMZK |
| 005 |
20090506134643.0 |
| 007 |
ta |
| 008 |
990315s1999 xr f cze d |
| 015 |
|
|
|a cnb000661124
|
| 020 |
|
|
|a 80-86202-30-5
|
| 035 |
|
|
|a (OCoLC)42604597
|
| 040 |
|
|
|a BOA001
|b cze
|
| 041 |
1 |
|
|a cze
|h ger
|
| 080 |
|
|
|a 101.9(430)"18":92 Nietzsche, Friedrich
|2 MRF
|
| 080 |
|
|
|a 929 Nietzsche, Friedrich
|2 MRF
|
| 100 |
1 |
|
|a Heftrich, Urs,
|d 1961-
|7 jn20000602856
|4 aut
|
| 245 |
1 |
0 |
|a Nietzsche v Čechách /
|c Urs Heftrich
|
| 250 |
|
|
|a Vyd. 1.
|
| 260 |
|
|
|a Praha :
|b Hynek,
|c 1999
|
| 300 |
|
|
|a 91 s. ;
|c 20 cm
|
| 490 |
1 |
|
|a Punkt ;
|v sv. 5
|
| 500 |
|
|
|a Přeloženo z němčiny
|
| 500 |
|
|
|a Dostupné též v digitální podobě v aplikaci Kramerius
|
| 653 |
0 |
|
|a Nietzsche, Friedrich 1844-1900
|a němečtí filozofové
|
| 700 |
1 |
|
|a Nietzsche, Friedrich,
|d 1844-1900
|7 jn19990006124
|4 hnr
|
| 765 |
0 |
|
|t Nietzsche in Böhmen
|9 Česky
|
| 830 |
|
0 |
|a Punkt
|0 s
|
| 856 |
4 |
1 |
|u http://www.digitalniknihovna.cz/mzk/uuid/uuid:96015770-a311-11e5-b5dc-005056827e51
|y Digitalizovaný dokument
|x NDK
|
| 910 |
|
|
|a BOA001
|b 1-1059.940
|b PK-0132.214
|
| 920 |
|
|
|a 000421922
|
| 964 |
|
|
|a Nietzsche
|b Friedrich
|f 1844-1900
|x život
|x dílo
|
| 990 |
|
|
|a BK
|
| 996 |
6 |
|
|b 2610093763
|c 1-1059.940
|l MZK
|r Sklad / do 1 hodiny
|n 30
|p p.v.
|w 000421063
|u 000010
|a 1
|e BOA001
|j MZK50
|s P
|
| 996 |
7 |
|
|b 3119017146
|c PK-0132.214
|l MZK
|r Sklad / do 1 hodiny
|n 19
|p kup
|w 000421063
|u 000020
|a 1
|e BOA001
|j MZK50
|s A
|